Manažment znalostí personálne a technologické perspektívy

Gespeichert in:
Bibliographische Detailangaben
1. Verfasser: Hvizdová, Eva, ml
Körperschaft: Ekonomická univerzita v Bratislave. Obchodná fakulta
Weitere Verfasser: Miklošík, Andrej, Čihovská, Viera, Žák, Štefan, 1971-, Pavlík, Adrián
Format: Buch
Sprache:Slowakisch
Veröffentlicht: Bratislava Vydavateľstvo EKONÓM 2012
Ausgabe:1. vyd.
Schlagworte:
Tags: Tag hinzufügen
Keine Tags, Fügen Sie das erste Tag hinzu!

MARC

LEADER 00000nam a2200000 4500
001 0149819
005 20240502072708.7
020 |a 978-80-225-3384-3 
041 0 |a slo 
044 |a SK 
245 1 0 |a Manažment znalostí  |b personálne a technologické perspektívy  |c Eva Hvizdová, Andrej Miklošík 
250 |a 1. vyd. 
264 1 |a Bratislava  |b Vydavateľstvo EKONÓM  |c 2012 
300 |a 150 s. [7,50 AH] 
610 2 0 |a riadenie znalostí 
610 2 0 |a zdroje ľudské 
610 2 0 |a vedomosti 
610 2 0 |a učiaca sa organizácia 
610 2 0 |a modely 
610 2 0 |a kapitál ľudský 
610 2 0 |a systémy informačné 
610 2 0 |a technológie informačné 
100 1 |a Hvizdová, Eva, ml. 
700 1 |a Miklošík, Andrej 
700 1 |a Čihovská, Viera 
700 1 |a Žák, Štefan, 1971- 
700 1 |a Pavlík, Adrián 
710 2 |a Ekonomická univerzita v Bratislave. Obchodná fakulta